HOT TO GO! - Chappell Roan (All Lyrics) - Statistics

General Stats
  • This quiz has been taken 92 times
  • The average score is 365 of 445
Answer Stats
Lyrics % Correct
G
99%
H
99%
O
99%
T
99%
can
96%
hot,
96%
hot
96%
(Hot
96%
hot?
96%
me
96%
me,
96%
me?
96%
to
96%
you
96%
You
96%
go
94%
go)
94%
I
94%
take
94%
a
90%
it
87%
the
87%
your
87%
be
83%
No
83%
and
81%
And
81%
It's
81%
it's
81%
with
81%
one,
80%
you're
80%
do
78%
in
78%
like
78%
this
78%
touch
78%
Baby,
77%
baby,
77%
degrees
77%
toes
77%
When
77%
dance
75%
Dance
75%
nine
75%
so
75%
doing
74%
hundred
74%
but
72%
could
72%
my
72%
new
72%
addiction
71%
don't
71%
ninety
71%
Who
71%
beat?
70%
body
70%
clap
70%
get
70%
made
70%
not
70%
roll
70%
Snap
70%
want
70%
you'd
70%
city
68%
non-fiction
68%
now
68%
number?
68%
Call
67%
call
67%
head,
67%
there
67%
up
67%
up,
67%
damn
65%
home?
65%
home
65%
I'll
65%
or
65%
sleep
65%
all
64%
at
64%
for
64%
girl?
64%
minute
64%
pretty
64%
I'm
62%
hands,
61%
here,
61%
here
61%
blame
59%
touched
59%
What's
59%
world,
59%
(Oh,
58%
one's
58%
time
58%
Hurry
57%
out,
57%
bring
55%
have
55%
come
54%
eight
54%
feelings
54%
Five,
54%
Raise
54%
seven,
54%
six
54%
six,
54%
try
54%
hurts
52%
care,
51%
staring
51%
ceiling
49%
cold
49%
getting
49%
supper
49%
comin'
48%
Is
48%
Order
48%
cab
46%
stare,
45%
woke
43%
yeah)
43%
alone
42%
else
38%
anyone
36%
Okay,
26%
Well,
22%
Whew,
20%
No matching quizzes found
Score Distribution
Percent of People with Each Score
Percentile by Number Answered
Your Score History
You have not taken this quiz